| 000 | 02346nam a22003617a 4500 | ||
|---|---|---|---|
| 001 | 103915 | ||
| 003 | KnowledgeUnlatched | ||
| 005 | 20210303104902.0 | ||
| 006 | m o d | ||
| 007 | cr u|||||||||| | ||
| 008 | 210129p20082020xx o u00| u eng d | ||
| 037 | _5BiblioBoard | ||
| 245 | 0 | 0 |
_aEthnography as Commentary _bWriting from the Virtual Archive / _cJohannes Fabian. |
| 020 | _a9780822381204 | ||
| 024 | 8 | _ahttps://doi.org/10.1215/9780822381204 | |
| 029 | 1 | _ahttps://library.biblioboard.com/ext/api/media/53764b71-b4b2-4738-8538-3c841f3a5409/assets/thumbnail.jpg | |
| 040 |
_aScCtBLL _cScCtBLL |
||
| 100 | 1 |
_aFabian, Johannes _eauthor. |
|
| 264 | 1 | _bDuke University Press, | |
| 300 | _a1 online resource (1 p.) | ||
| 506 | 0 |
_aAccess copy available to the general public. _fUnrestricted _2star |
|
| 520 | _aThe Internet allows ethnographers to deposit the textual materials on which they base their writing in virtual archives. Electronically archived fieldwork documents can be accessed at any time by the writer, his or her readers, and the people studied. Johannes Fabian, a leading theorist of anthropological practice, argues that virtual archives have the potential to shift the emphasis in ethnographic writing from the monograph to commentary. In this insightful study, he returns to the recording of a conversation he had with a ritual healer in the Congolese town of Lubumbashi more than three decades ago. Fabian's transcript and translation of the exchange have been deposited on a website (Language and Popular Culture in Africa), and in Ethnography as Commentary he provides a model of writing in the presence of a virtual archive. | ||
| 588 | 0 | _aDescription based on print version record. | |
| 590 | _aKU Select 2019: HSS Backlist Books | ||
| 650 | 7 |
_aSocial Science / Anthropology / Cultural & Social _2bisacsh |
|
| 650 | 0 | _aSocial sciences | |
| 655 | 0 | _aElectronic books. | |
| 758 |
_iIs found in: _aKnowledge Unlatched _1https://openresearchlibrary.org/module/2774bc74-146a-484f-a7ba-ab1d6a09bbfb |
||
| 856 | 4 | 0 |
_uhttps://openresearchlibrary.org/content/53764b71-b4b2-4738-8538-3c841f3a5409 _zView this content on Open Research Library. _70 |
| 999 |
_c32842 _d32842 |
||